Aaron Levie a Dylan Smith: Ako premeniť školský projekt na miliónový biznis

Aaron Levie a Dylan Smith založili v roku 2005 firmu Box.net, ktorej počiatočným cieľom bolo uľahčiť ľuďom prístup k informáciám z akéhokoľvek miesta na zemi. Riešenia a tvorba stratégie Cloud Content Managementu (CCM).

Salvato in:
Dettagli Bibliografici
Natura: Capitolo di libro
Lingua:slovacco
Soggetti:
Tags: Aggiungi Tag
Nessun Tag, puoi essere il primo ad aggiungerne!!

MARC

LEADER 00000naa a2200000 4500
001 0118542
005 20230912094839.9
041 0 |a slo 
044 |a SK 
245 1 0 |a Aaron Levie a Dylan Smith: Ako premeniť školský projekt na miliónový biznis 
520 |a Aaron Levie a Dylan Smith založili v roku 2005 firmu Box.net, ktorej počiatočným cieľom bolo uľahčiť ľuďom prístup k informáciám z akéhokoľvek miesta na zemi. Riešenia a tvorba stratégie Cloud Content Managementu (CCM). 
610 2 0 |a technológie informačné 
610 2 0 |a technológie komunikačné 
610 2 0 |a manažment informačný 
610 2 0 |a dokumenty elektronické 
610 2 0 |a distribúcia informácií 
610 2 0 |a digitalizácia 
610 2 0 |a dáta 
610 2 0 |a servery